| 000 | 00368nam a22001337a 4500 | ||
|---|---|---|---|
| 008 | 230321b |||||||| |||| 00| 0 eng d | ||
| 020 | _a0582613930. | ||
| 050 | _aGN657.R5 E44 1984 | ||
| 100 |
_aEllert. H _938129 |
||
| 245 |
_aThe material culture of Zimbabwe, _cH.Ellert |
||
| 260 |
_aZimbabwe: _bLongman, _c1984. |
||
| 300 |
_a133p; _c24cm. |
||
| 942 |
_2lcc _cMONOGRAPH |
||
| 999 |
_c131689 _d131689 |
||